000 00988nam0a22003011 4500
001 RU\INFOCOMM_253\NLR\5000169776
005 20250613110925.0
010 _967000 экз.
_a5-05-002471-4
035 _a(NLR Aleph) 009577723
090 _a9170527
_c9170527
100 _a20130221d1989 |||y0rusy50 ca
101 1 _aeng
_crus
102 _aRU
105 _aa z |||||
200 1 _aMasha's awful pillow
_e[For tiny tots]
_fGalina Lebedeva
_gTransl. by Fainna Solasko
205 _a3d print.
210 _aM.
_cRaduga
_d1989
215 _a[12] с.
_cцв. ил.
_d28 см
300 _aВ вып. дан.: Г. Лебедева. Как Маша поссорилась с подушкой
620 _aМосква
686 _aДл215
_2rubbk
700 1 _9z01790
_aLebedeva
_bG. V.
_gGalina Vladimirovna
790 1 _9z01700
_aLebedeva
_bG.
_gGalina
_4070
801 1 _aRU
_bInfocomm
_c20121228
801 0 _aRU
_bINFOCOMM
_gPSBO
852 _aNLR
_jДл01 Д-8/1863
942 _cBOOK
980 _aNB